| 000 | 01045nam a22003137a 4500 | ||
|---|---|---|---|
| 003 | CHAP | ||
| 005 | 20220329134858.0 | ||
| 008 | 971013s1981 r 00010 d | ||
| 010 | _a27395 | ||
| 011 | _a28367 | ||
| 035 | _a32471 | ||
| 040 | _cCHAP | ||
| 090 | _aFolleto 8108 | ||
| 110 |
_aINIA. México _958464 |
||
| 245 | _aPrimer taller de capacitación y orientación a los investigadores del programa nacional de agroclimatología | ||
| 260 |
_aMéxico, D.F. : _bEl Instituto, _c1981 |
||
| 300 | _a12 p | ||
| 490 |
_aFolleto informativo _v; 29 |
||
| 590 |
_aBATCH-UPD _b10 _c20130110 _lUCH01 _h2253 |
||
| 590 |
_aBATCH-UPD _b10 _c20130410 _lUCH01 _h1546 |
||
| 590 |
_aBATCH-UPD _b10 _c20130914 _lUCH01 _h1815 |
||
| 590 |
_aCONVERSION _b10 _c20130109 _lUCH01 _h1316 |
||
| 650 | 1 | 4 |
_aMeteorología agrícola _xCongresos. _975218 |
| 830 | 0 |
_aFolleto informativo _v; 29 _942046 |
|
| 901 | _aBK | ||
| 942 | _cFOLL | ||
| 949 |
_aFolleto 8108 _bBC _cFOLL _d-75558 _eTS1 _i32471 _mD _si |
||
| 949 |
_aFolleto 8108 _bBC _cFOLL _d-75559 _eTS2 _fc.2 _i32471 _mD _si |
||
| 999 |
_c27395 _d27395 |
||